[Event "Bad Soden U10 op"]
[Site "Bad Soden"]
[Date "2019.10.05"]
[Round "5"]
[White "Milman, Sophie"]
[Black "Weinhold, Roman"]
[Result "0-1"]
[WhiteElo "929"]
[BlackElo "1218"]
[PlyCount "148"]
[EventDate "2019.10.03"]
[EventType "swiss"]
[EventRounds "9"]
[EventCountry "GER"]
[SourceTitle "CBM 192 Extra"]
[Source "Chessbase"]
[SourceDate "2019.11.06"]
[SourceVersion "1"]
[SourceVersionDate "2019.11.06"]
[SourceQuality "1"]

1. e4 e5 2. Nf3 Nc6 3. Nc3 Nf6 4. Bc4 Bc5 5. d3 h6 6. 0-0 0-0 7. h3 d6 8. Qe2 Be6 9. Bxe6 fxe6 10. Bd2 d5 11. Na4 Nd4 12. Nxd4 Bxd4 13. c3 Bb6 14. Nxb6 cxb6 15. Qf3 Nxe4 16. Qe3 Nf6 17. Qg3 Nh5 18. Qg4 Nf4 19. d4 Qf6 20. Rfe1 Nd3 21. Be3 Nxe1 22. Rxe1 exd4 23. cxd4 Qf5 24. Qxf5 Rxf5 25. Rc1 e5 26. dxe5 Rxe5 27. Rc7 Rb8 28. Bd4 Rg5 29. a4 g6 30. Rg7+ Kf8 31. Rh7 Rh5 32. Rh8+ Ke7 33. Rxb8 Ke6 34. Re8+ Kd7 35. Ra8 Kc6 36. Rxa7 Rh4 37. Bg7 h5 38. Ra8 Rb4 39. Rc8+ Kd7 40. Rb8 Kc7 41. Be5+ Kc6 42. Rc8+ Kd7 43. Rc7+ Ke6 44. Bc3 Rxa4 45. Rxb7 d4 46. Rxb6+ Kd5 47. Rb5+ Kc4 48. Rb4+ Rxb4 49. Bxb4 Kxb4 50. Kf1 Kb3 51. Ke2 Kc2 52. b4 d3+ 53. Kf3 d2 54. Ke4 d1Q 55. b5 Qd3+ 56. Ke5 Qxb5+ 57. Kf6 Qf5+ 58. Ke7 Qxf2 59. Ke6 Qf4 60. Kd5 Qf5+ 61. Kd6 Qe4 62. Kd7 Qe5 63. Kc6 Qd4 64. Kc7 Qd5 65. g4 Kc3 66. gxh5 gxh5 67. h4 Qe6 68. Kb7 Qd6 69. Kc8 Qe7 70. Kb8 Qd7 71. Ka8 Kb4 72. Kb8 Kb5 73. Ka8 Kb6 74. Kb8 Qd8# 0-1